[Event "Tourn. n10109"]
[Site "www.echecsemail.com"]
[Date "2019.04.30"]
[Round "1"]
[White "Bojan"]
[Black "Malbertan"]
[WhiteElo "2040"]
[BlackElo "1960"]
[Result "1/2-1/2"]
[Round "1"]
1.e4 e5
2.Ng1f3 Nb8c6
3.d4 exd4
4.Nf3xd4 Bf8c5
5.Nd4xc6 Qd8f6
6.f3 dxc6
7.a3 Bc8e6
8.Bf1d3 O-O-O
9.Qd1e2 Ng8e7
10.g3 Ne7g6
11.Nb1c3 Ng6e5
12.f4 Be6g4
13.fxe5 Bg4xe2
14.exf6 Be2xd3
15.fxg7 Rh8g8
16.cxd3 Rd8xd3
17.Bc1h6 Bc5e3
18.Ke2 Rd3xc3
19.Bh6xe3 Rc3c2
20.Ke1 Rg8xg7
21.Ra1d1 Rc2c4
22.Rd1d3 Rc4xe4
23.Kd2 Rg7g8
24.Rh1f1 Rg8f8
25.Be3g5 b6
26.h4 Re4e6
27.Rd3f3 h6
28.Bg5f6 Re6d6
29.Kc2 Rd6e6
30.Bf6g7 Rf8d8
31.Bg7xh6 Re6xh6
32.Rf3xf7 Rd8g8
33.Rf7f8 Rg8xf8
34.Rf1xf8 Kd7
35.Kc3 Rh6g6
36.Rf8f3 Ke6
37.Kd3 Rg6f6
38.Rf3xf6 Kxf6
39.g4 c5
40.Kc4 c6
41.b4 cxb4
42.axb4 a5
43.Kb3 axb4
44.Kxb4 Kg6
45.g5 Kf5
46.Kc4 Ke5
47.h5 Kf5
48.h6 Kg6
49.Kb4 { draw }
1/2-1/2

[Event "Tourn. n10112"]
[Site "www.echecsemail.com"]
[Date "2019.04.30"]
[Round "1"]
[White "Souricette64"]
[Black "Bojan"]
[WhiteElo "2080"]
[BlackElo "2050"]
[Result "0-1"]
[Round "1"]
1.d4 c6
2.e4 d6
3.f4 Qd8b6
4.c3 g6
5.Ng1f3 Ng8f6
6.Bf1d3 Bf8h6
7.O-O Nf6h5
8.g3 Nh5f6
9.Kh1 Bc8h3
10.Rf1g1 Nf6g4
 { time }
0-1

[Event "Tourn. n10045"]
[Site "www.echecsemail.com"]
[Date "2019.04.30"]
[Round "1"]
[White "Seger"]
[Black "Szustan"]
[WhiteElo "2760"]
[BlackElo "2540"]
[Result "1-0"]
[Round "1"]
1.e4 e5
2.Ng1f3 Nb8c6
3.d3 Ng8f6
4.g3 d6
5.Bf1g2 Bf8e7
6.O-O O-O
7.Rf1e1 Rf8e8
8.b3 Bc8g4
9.h3 Bg4d7
10.a4 Qd8c8
11.Kh2 Be7f8
12.Bc1b2 g6
13.c3 Bf8g7
14.b4 a6
15.Nb1d2 Qc8b8
16.Nd2b3 b6
17.Qd1c2 Qb8c8
18.Nf3d2 Ra8b8
19.Nd2c4 b5
20.axb5 axb5
21.Nc4e3 Bd7e6
22.Re1f1 h6
23.Ra1d1 h5
24.Nb3c1 Qc8b7
25.f4 h4
26.f5 hxg3
27.Kh1 Be6d7
28.Nc1e2 Nf6h5
29.Bg2f3 Nh5f4
30.Ne2xg3 Qb7a7
31.Bb2c1 Rb8a8
32.Bf3g4 Re8d8
33.Ne3d5 Qa7a2
34.Rd1d2 Qa2xc2
35.Rd2xc2 Nf4xd5
36.exd5 Nc6e7
37.f6 Bg7xf6
38.Rf1xf6 Ne7xd5
39.Rf6f1 Bd7c6
40.Bg4f3 f5
41.Kh2 Kf7
42.Bc1g5 Rd8f8
43.Rf1f2 Kg8
44.d4 Ra8a3
45.dxe5 dxe5
46.Rf2d2 Nd5xb4
47.cxb4 Bc6xf3
48.Rc2xc7 f4
49.Ng3f1 Rf8f7
50.Rc7c5 Ra3a1
51.Kg1 Rf7f5
52.h4 Bf3g4
53.Kg2 { resign }
1-0

[Event "Tourn. n10112"]
[Site "www.echecsemail.com"]
[Date "2019.04.30"]
[Round "1"]
[White "Souricette64"]
[Black "Fegatux"]
[WhiteElo "2080"]
[BlackElo "2280"]
[Result "0-1"]
[Round "1"]
1.e4 e6
2.d4 d5
3.e5 c5
4.c3 Nb8c6
5.Ng1f3 Ng8h6
6.a3 Qd8b6
7.b4 cxd4
8.Bc1xh6 gxh6
9.cxd4 Bf8g7
10.Nb1c3 O-O
 { time }
0-1

[Event "Tourn. n10088"]
[Site "www.echecsemail.com"]
[Date "2019.04.30"]
[Round "1"]
[White "Reignblowcan"]
[Black "Rons"]
[WhiteElo "2590"]
[BlackElo "2680"]
[Result "1-0"]
[Round "1"]
1.c4 e5
2.g3 Nb8c6
3.Nb1c3 g6
4.Ra1b1 f5
5.Bf1g2 Bf8g7
6.b4 d6
7.d3 Ng8e7
8.h4 h6
9.Bc1d2 a6
10.Qd1c1 Bc8e6
11.Ng1h3 Qd8d7
12.Nc3d5 Nc6d8
13.a4 Ne7xd5
14.cxd5 Be6f7
15.b5 axb5
16.axb5 b6
17.O-O Nd8b7
18.d4 e4
19.Nh3f4 O-O
20.Rb1b4 Nb7a5
21.Qc1c2 Ra8e8
22.Rf1c1 Re8e7
23.Qc2b2 Kh7
24.Rb4a4 Rf8a8
25.Qb2b1 Bf7e8
26.g4 Kh8
27.Nf4e6 Ra8a7
28.h5 Qd7xb5
29.Qb1xb5 Be8xb5
30.Ra4a2 fxg4
31.hxg6 Bb5xe2
32.Bg2xe4 Be2a6
33.Bd2e3 c6
34.Kg2 Ra7a8
35.Kg3 Ra8e8
36.Be4f5 cxd5
37.Ne6c7 Ba6c8
38.Bf5xc8 Re8xc8
39.Ra2c2 Rc8g8
40.Nc7xd5 Re7e6
41.Rc2b2 Bg7f6
42.Nd5xf6 Re6xf6
43.Rb2xb6 h5
44.Rb6b5 Rf6f3
45.Kg2 h4
46.Rb5xa5 Rg8xg6
47.Ra5h5 Kg7
48.Rh5xh4 { resign }
1-0

[Event "Tourn. n10094"]
[Site "www.echecsemail.com"]
[Date "2019.04.30"]
[Round "1"]
[White "Cal"]
[Black "Chessdna"]
[WhiteElo "1720"]
[BlackElo "1710"]
[Result "1-0"]
[Round "1"]
1.c4 e5
2.e4 Ng8f6
3.d3 c6
4.a3 Bf8d6
5.Nb1c3 Bd6c7
6.Ng1f3 h6
7.b4 d6
8.h3 a6
9.Bf1e2 b5
10.O-O  { time }
1-0

[Event "Match"]
[Site "www.echecsemail.com"]
[Date "2019.04.30"]
[Round "1"]
[White "Chapi"]
[Black "Luzhin"]
[WhiteElo "2060"]
[BlackElo "2580"]
[Result "0-1"]
[Round "1"]
1.d4 Ng8f6
2.c4 e6
3.Nb1c3 Bf8b4
4.Bc1d2 O-O
5.Ng1f3 b6
6.a3 Bb4xc3
7.Bd2xc3 Nf6e4
8.Qd1c2 Bc8b7
9.g3 c5
10.Bf1g2 Ne4xc3
11.Qc2xc3 d6
12.O-O Qd8e7
13.Ra1d1 Nb8d7
14.Rd1d2 Ra8c8
15.Rf1d1 Nd7f6
16.dxc5 bxc5
17.Nf3g5 Bb7xg2
18.Kxg2 h6
19.Ng5h3 Nf6e4
20.Qc3d3 Ne4xd2
21.Rd1xd2 Rc8c6
22.Nh3f4 Rf8b8
23.Qd3c3 Rc6b6
24.Nf4h5 e5
25.Qc3e3 Rb6b3
26.Qe3e4 Qe7g5
27.Nh5xg7 Qg5xd2
28.Qe4g4 Qd2g5
{ resign }
0-1

[Event "Match"]
[Site "www.echecsemail.com"]
[Date "2019.05.01"]
[Round "1"]
[White "Comrade"]
[Black "Joseph1983"]
[WhiteElo "2310"]
[BlackElo "2160"]
[Result "1-0"]
[Round "1"]
1.c4 Ng8f6
2.d4 d5
3.Nb1c3 e6
4.e3 Bf8b4
5.Bc1d2 O-O
6.Bf1d3 b6
7.Ng1e2 dxc4
8.Bd3xc4 Bc8b7
9.O-O c5
10.a3 cxd4
11.Ne2xd4 Bb4d6
12.f3 Qd8c7
13.Qd1e2 Bd6xh2
14.Kh1 Bh2g3
15.Nc3b5 Qc7c5
16.f4 a6
17.Bd2b4 Qc5c8
18.Nb5d6 Qc8d7
19.Nd6xb7 Qd7xb7
20.Bb4xf8 Kxf8
21.Qe2f3 Qb7xf3
22.Rf1xf3 Nf6e4
23.Bc4d3 Ne4c5
24.Bd3xh7 Bg3h4
25.b4 Nc5d7
26.Ra1c1 g6
27.Rf3h3 Bh4f6
28.Rc1c8 Ke7
29.Nd4c6 Kd6
30.e4 { resign }
1-0

[Event "Tourn. n10117"]
[Site "www.echecsemail.com"]
[Date "2019.05.01"]
[Round "1"]
[White "Bojan"]
[Black "Luban"]
[WhiteElo "2030"]
[BlackElo "2140"]
[Result "0-1"]
[Round "1"]
1.e4 c6
2.d4 d5
3.e5 Bc8f5
4.Ng1f3 e6
5.Nf3h4 Qd8xh4
6.Bc1e3 Qh4e4
7.c3 Bf8e7
8.Nb1d2 Qe4c2
9.Qd1xc2 Bf5xc2
10.f3 a6
11.g4 h6
12.Bf1g2 c5
13.dxc5 Nb8c6
14.a3 O-O-O
15.Ra1c1 Bc2d3
16.b4 Be7h4
17.Kd1 Nc6xe5
18.Be3d4 Bh4f6
19.Bd4f2 Ne5c4
20.Nd2xc4 dxc4
21.h4 Bd3f1
22.Kc2 Bf1xg2
23.Rh1g1 Bg2xf3
24.Rg1g3 Bf3e4
{ resign }
0-1

[Event "Tourn. n10102"]
[Site "www.echecsemail.com"]
[Date "2019.05.01"]
[Round "1"]
[White "Bigrezi"]
[Black "Bojan"]
[WhiteElo "2240"]
[BlackElo "2050"]
[Result "0-1"]
[Round "1"]
1.e4 e5
2.Ng1f3 d6
3.d4 exd4
4.Nf3xd4 Bc8d7
5.Nb1c3 Qd8f6
6.Nc3d5 Qf6d8
7.Bf1c4 a6
8.a3 Nb8c6
9.Bc1e3 Nc6e5
10.Bc4b3 c6
11.Nd5f4 Bf8e7
12.O-O g6
13.c3 Ng8f6
14.Qd1d2 Nf6xe4
15.Qd2e2 c5
16.Nd4c2 Qd8b6
17.Bb3a2 Bd7b5
18.c4 Bb5a4
19.Ra1b1 Ne4g5
20.Nf4d5 Qb6d8
21.f4 Ng5h3
22.gxh3 Ne5d7
23.b4 Be7f8
24.bxc5 f6
25.Be3d4 Kf7
26.Nd5b6 Nd7xb6
27.cxb6 Kg7
28.Qe2e6 Ba4xc2
29.Rb1c1 Bc2f5
30.Qe6d5 Qd8d7
31.Rf1e1 Bf8e7
32.c5 Rh8f8
33.Rc1c3 Ra8c8
34.Re1c1 Rc8c6
35.Kg2 Be7d8
36.Rc3e3 Rf8e8
37.Rc1e1 Re8f8
38.Ba2c4 dxc5
39.Qd5xd7 Bf5xd7
40.a4 cxd4
41.Bc4d5 dxe3
42.Bd5xc6 Bd7xc6
43.Kf1 Bc6xa4
44.Re1xe3 Ba4b5
45.Ke1 Rf8e8
46.Re3xe8 Bb5xe8
47.Kd2 Bd8xb6
48.h4 Bb6c5
49.Kd3 b5
{ resign }
0-1

[Event "Tourn. n10110"]
[Site "www.echecsemail.com"]
[Date "2019.05.01"]
[Round "1"]
[White "Souricette64"]
[Black "Apdash"]
[WhiteElo "2080"]
[BlackElo "2170"]
[Result "0-1"]
[Round "1"]
1.e4 c5
2.c3 Nb8c6
3.Ng1f3 e5
4.Bf1c4 a6
5.a4 d6
6.O-O Bf8e7
7.Rf1e1 Ng8f6
8.d3 O-O
9.h3 Kh8
10.Nb1d2 Ra8b8
 { time }
0-1

[Event "Match"]
[Site "www.echecsemail.com"]
[Date "2019.05.01"]
[Round "1"]
[White "Jovaras"]
[Black "Liencam2"]
[WhiteElo "2110"]
[BlackElo "2290"]
[Result "0-1"]
[Round "1"]
1.e4 c5
2.Ng1f3 e6
3.d4 cxd4
4.Nf3xd4 a6
5.Bf1d3 Ng8f6
6.Nb1c3 Qd8c7
7.Bc1e3 b5
8.Qd1e2 Bc8b7
9.f3 Bf8b4
10.Be3d2 Qc7b6
 { time }
0-1

[Event "Tourn. n10081"]
[Site "www.echecsemail.com"]
[Date "2019.05.01"]
[Round "1"]
[White "Ditto"]
[Black "Yakke"]
[WhiteElo "1760"]
[BlackElo "1780"]
[Result "1-0"]
[Round "1"]
1.e4 e5
2.Ng1f3 d6
3.Bf1c4 Qd8f6
4.d3 Bc8e6
5.Bc1g5 Qf6g6
6.Bc4xe6 Qg6xe6
7.Nb1c3 Bf8e7
8.Nc3b5 Nb8a6
9.Bg5e3 Qe6d7
10.Nb5c3 O-O-O
11.Nc3d5 Qd7a4
12.O-O h6
13.Nf3e1 b6
14.Qd1g4 Kb8
15.Qg4xg7 Be7f6
16.Qg7g4 Ng8e7
17.Nd5xf6 Na6b4
18.Qg4h5 Nb4xc2
19.b3 Qa4c6
20.Ne1xc2 Qc6xc2
21.Qh5xf7 Ne7c6
22.Nf6d5 Qc2xd3
23.Qf7xc7 Ka8
24.Qc7xc6 Kb8
25.Nd5f6 Rd8c8
26.Nf6d7  { time }
1-0

[Event "Tourn. n10105"]
[Site "www.echecsemail.com"]
[Date "2019.05.01"]
[Round "1"]
[White "Bojan"]
[Black "Esperanza"]
[WhiteElo "2060"]
[BlackElo "1850"]
[Result "0-1"]
[Round "1"]
1.e4 e5
2.Ng1f3 Nb8c6
3.c3 Ng8f6
4.Qd1a4 d6
5.Bf1c4 Bf8e7
6.Qa4c2 O-O
7.a3 Bc8g4
8.Qc2d3 Nf6h5
9.h3 Nh5f4
10.Qd3f1 Bg4xf3
11.gxf3 Be7h4
12.Rh1g1 Kh8
13.Rg1g4 f5
14.exf5 d5
15.Bc4b5 Rf8xf5
16.Bb5xc6 bxc6
17.d3 Qd8f6
18.Nb1d2 h5
19.Rg4g1 Ra8e8
20.Nd2b3 e4
21.dxe4 dxe4
22.Bc1e3 exf3
23.Kd2 Rf5d5
24.Kc2 Qf6f5
25.Kc1 Nf4e2
26.Qf1xe2 fxe2
27.Nb3d2 Bh4xf2
28.Be3xf2 Qf5xf2
{ resign }
0-1

[Event "Match"]
[Site "www.echecsemail.com"]
[Date "2019.05.01"]
[Round "1"]
[White "Jesmantiz"]
[Black "D4minance"]
[WhiteElo "2070"]
[BlackElo "2479"]
[Result "0-1"]
[Round "1"]
1.d4 Ng8f6
2.e3 d5
3.Bf1d3 c5
4.c3 Nb8c6
5.f4 Bc8g4
6.Ng1f3 e6
7.Nb1d2 Bf8d6
8.a3 O-O
9.O-O Bg4f5
10.Bd3e2 c4
11.Nf3e5 Nf6e4
12.Nd2xe4 Bf5xe4
13.Qd1e1 Nc6a5
14.Be2d1 Bd6xe5
15.fxe5 f6
16.Qe1g3 fxe5
17.Rf1xf8 Qd8xf8
18.Qg3xe5 Be4d3
19.Bd1f3 Na5b3
20.Qe5xe6 Kh8
21.Ra1a2 Bd3b1
22.Ra2a1 Nb3xa1
23.Bc1d2 Ra8e8
24.Qe6xd5 Na1b3
25.Bd2e1 Re8xe3
26.Be1f2 Re3e8
27.Bf2g3 Nb3d2
28.Bg3e5 Bb1e4
29.Qd5d7 Nd2xf3
30.gxf3 Be4xf3
31.h3 Bf3c6
32.Qd7g4 Qf8f7
33.h4 Re8f8
{ resign }
0-1

[Event "1/8 Finale"]
[Site "www.chess-mail.com"]
[Date "2019.05.01"]
[Round "1"]
[White "Nimzo"]
[Black "Jaroslavpech"]
[WhiteElo "2850"]
[BlackElo "2600"]
[Result "0-1"]
[Round "1"]
1.d4 d5
2.c4 c6
3.Ng1f3 Ng8f6
4.e3 Bc8f5
5.Nb1c3 e6
6.Nf3h4 Bf5g6
7.Nh4xg6 hxg6
8.Bf1d3 Nb8d7
9.O-O Qd8c7
10.h3 dxc4
11.Bd3xc4 Nd7b6
12.Bc4b3 O-O-O
13.Qd1f3 g5
14.Rf1d1 { time. }
0-1

[Event "Tourn. n10122"]
[Site "www.echecsemail.com"]
[Date "2019.05.02"]
[Round "1"]
[White "Fegatux"]
[Black "Picifarkinca"]
[WhiteElo "2270"]
[BlackElo "2100"]
[Result "1-0"]
[Round "1"]
1.d4 e6
2.c4 f5
3.Nb1c3 Ng8f6
4.Bc1g5 d5
5.f3 Bf8e7
6.e3 O-O
7.Ng1h3 c6
8.Bf1d3 Nb8d7
9.O-O Qd8e8
10.Bg5h4 b6
11.cxd5 Nf6xd5
12.Nc3xd5 exd5
13.Bh4xe7 Qe8xe7
14.Qd1d2 Nd7f6
15.Ra1c1 c5
16.dxc5 bxc5
17.a3 Kh8
18.Rf1e1 g6
19.Qd2c3 Bc8e6
20.Qc3xc5 Qe7f7
21.Nh3g5 { resign }
1-0

[Event "Tourn. n10100"]
[Site "www.echecsemail.com"]
[Date "2019.05.02"]
[Round "1"]
[White "Scasan55"]
[Black "Add"]
[WhiteElo "2010"]
[BlackElo "2180"]
[Result "1-0"]
[Round "1"]
1.e4 e5
2.Bf1c4 Ng8f6
3.d3 d5
4.exd5 Nf6xd5
5.h3 Bf8c5
6.Bc4xd5 Qd8xd5
7.Ng1f3 Nb8c6
8.Nb1c3 Qd5e6
9.O-O Qe6g6
10.Kh1 O-O
11.a3 a6
12.Nc3e4 Bc5b6
13.b4 f6
14.Bc1b2 Bc8e6
15.c4 Be6xc4
16.dxc4 Qg6xe4
17.c5 Ra8d8
18.Qd1b3 Kh8
19.cxb6 cxb6
20.Ra1c1 Nc6d4
21.Nf3xd4 exd4
22.Rf1e1 Qe4f4
23.Qb3d3 Qf4xf2
24.Re1e2 Qf2f4
25.Rc1e1 b5
26.Re2e4 Qf4f5
27.Re1f1 Qf5g6
28.Rf1d1 Rf8e8
29.Re4xe8 Qg6xe8
30.Rd1f1 Qe8e3
31.Qd3xe3 dxe3
32.Rf1e1 Rd8e8
33.Kg1 f5
34.g3 h5
35.Kg2 Kg8
36.Kf3 g6
37.Re1xe3 Re8xe3
38.Kxe3 Kf7
39.Kd4 g5
40.Ke5 Kg6
41.Ke6 h4
42.gxh4 g4
43.hxg4 fxg4
44.Bb2e5 Kh5
45.Be5g3 Kg6
46.Kd6 { resign }
1-0

[Event "Match"]
[Site "www.echecsemail.com"]
[Date "2019.05.02"]
[Round "1"]
[White "Yudoka"]
[Black "Micheles"]
[WhiteElo "2270"]
[BlackElo "2550"]
[Result "0-1"]
[Round "1"]
1.d4 Ng8f6
2.Ng1f3 g6
3.Bc1g5 Bf8g7
4.Nb1d2 O-O
5.c3 d6
6.e4 c5
7.dxc5 dxc5
8.Bf1c4 Nb8c6
9.Qd1e2 Qd8c7
10.O-O h6
11.Bg5h4 Nf6h5
12.Qe2e3 Nc6a5
13.Bc4d5 g5
14.Bh4g3 Nh5xg3
15.fxg3 c4
16.e5 e6
17.Bd5e4 g4
18.Nf3d4 Qc7xe5
19.b4 cxb3
20.axb3 f5
21.b4 Na5c6
{ resign }
0-1

[Event "Tourn. n10108"]
[Site "www.echecsemail.com"]
[Date "2019.05.02"]
[Round "1"]
[White "Sociopath"]
[Black "Dougbeer"]
[WhiteElo "2750"]
[BlackElo "2600"]
[Result "1-0"]
[Round "1"]
1.e4 g6
2.d4 Bf8g7
3.Nb1c3 d6
4.Bc1e3 a6
5.f3 b5
6.Qd1d2 Nb8d7
7.h4 h6
8.g4 h5
9.gxh5 Rh8xh5
10.Ng1e2 Bg7f6
11.O-O-O Rh5xh4
12.Rh1xh4 Bf6xh4
13.d5 Nd7e5
14.Ne2d4 Bc8d7
15.f4 Ne5g4
16.e5 dxe5
17.fxe5 Ng4xe5
18.Qd2h2 Ne5g4
19.Qh2xh4 Ng4xe3
20.Qh4h7 Kf8
21.Rd1d3 b4
22.Nd4e6 fxe6
23.Nc3e4 Ne3g4
24.Rd3f3 { resign }
1-0

[Event "Tourn. n10046"]
[Site "www.echecsemail.com"]
[Date "2019.05.02"]
[Round "1"]
[White "Seger"]
[Black "Rons"]
[WhiteElo "2770"]
[BlackElo "2700"]
[Result "1/2-1/2"]
[Round "1"]
1.d4 Ng8f6
2.c4 e6
3.e3 d5
4.Ng1f3 c5
5.Nb1c3 Nb8c6
6.a3 a6
7.dxc5 Bf8xc5
8.b4 Bc5d6
9.Bc1b2 O-O
10.cxd5 exd5
11.Bf1e2 Bc8e6
12.Ra1c1 Ra8c8
13.O-O b5
14.a4 bxa4
15.Be2xa6 Rc8b8
16.Ba6e2 Rb8xb4
17.Nc3xa4 Nc6a5
18.Bb2a3 Rb4b8
19.Ba3xd6 Qd8xd6
20.Na4c5 Rf8c8
21.Nc5xe6 fxe6
22.Rc1xc8 Rb8xc8
23.Qd1a4 Na5b7
24.Nf3d4 Nb7c5
25.Qa4c2 g6
26.Rf1c1 e5
27.Nd4b5 Qd6e7
28.Qc2c3 Nf6e4
29.Qc3a3 Kg7
30.f3 Ne4f6
31.Be2f1 Kf7
32.g3 Kg7
33.h4 h6
34.Bf1g2 Rc8c6
35.Kh2 Kh7
36.Bg2h3 Kg7
37.Rc1c2 Kf7
38.f4 Kg7
39.fxe5 Qe7xe5
40.Qa3a7 Kf8
41.Qa7a8 Qe5e8
42.Qa8a3 Nf6e4
43.Nb5c3 Kg8
44.Nc3xd5 Qe8e5
45.Nd5f4 Rc6a6
46.Qa3b4 g5
47.Rc2g2 Ra6f6
48.Nf4h5 Rf6d6
49.Rg2a2 Qe5d5
50.Qb4b2 Qd5d2
51.Qb2xd2 Ne4xd2
52.Bh3g2 Kf7
53.Kh3 Rd6d3
54.Ra2a7 Ke6
55.Nh5g7 Kf6
56.Ng7h5 Ke6
57.Ra7h7 Rd3xe3
58.Rh7xh6 Kf5
59.Rh6f6 Ke5
60.hxg5 Nd2e4
61.Rf6g6 Kf5
62.Rg6g8 Ne4xg5
63.Kh4 Ng5e6
64.Bg2h3 Ke4
65.Rg8e8 Kf3
66.Bh3g4 Kf2
67.Re8a8 Ne6d4
68.Ra8a2 Kg1
69.Nh5f4 Re3e4
70.Ra2a1 Kh2
71.Ra1a2 Kg1
72.Nf4h3 Kf1
73.Ra2a1 Kg2
74.Ra1a2 Kf1
75.Ra2a1 { draw }
1/2-1/2

[Event "Tourn. n10105"]
[Site "www.echecsemail.com"]
[Date "2019.05.02"]
[Round "1"]
[White "Fabos12"]
[Black "Picifarkinca"]
[WhiteElo "1900"]
[BlackElo "2020"]
[Result "0-1"]
[Round "1"]
1.d4 e6
2.Ng1f3 d5
3.Bc1f4 Bf8d6
4.Bf4g3 Bd6xg3
5.fxg3 Ng8f6
6.Nb1d2 O-O
7.c3 Nb8d7
8.Qd1c2 c5
9.h3 Qd8c7
10.e3 Qc7xg3
11.Kd1 e5
12.dxe5 Nd7xe5
13.Nf3xe5 Qg3xe5
14.Ke2 { time. }
0-1

[Event "Tourn. n10122"]
[Site "www.echecsemail.com"]
[Date "2019.05.02"]
[Round "1"]
[White "Bojan"]
[Black "Fantomas"]
[WhiteElo "2030"]
[BlackElo "2260"]
[Result "0-1"]
[Round "1"]
1.d4 Ng8f6
2.Nb1d2 d5
3.Ng1f3 Bc8g4
4.h3 Bg4h5
5.c4 dxc4
6.Qd1a4 c6
7.Qa4xc4 e6
8.e3 h6
9.Bf1d3 Bh5xf3
10.Nd2xf3 Nf6d5
11.a3 Nb8d7
12.Bc1d2 Nd7b6
13.Qc4c2 Qd8c7
14.e4 Nd5f4
15.Bd3f1 Nf4g6
16.b3 Bf8e7
17.g3 O-O
18.Bd2e3 Ra8c8
19.Bf1d3 Rf8d8
20.e5 Ng6f8
21.O-O Nb6d5
22.Be3c1 b5
23.b4 f5
24.Bc1b2 Qc7d7
25.Nf3h2 Qd7e8
26.Qc2e2 Qe8g6
27.Qe2f3 Qg6f7
28.a4 a6
29.axb5 axb5
30.Bd3e2 Nd5xb4
31.Ra1a7 Rd8d7
32.Rf1a1 Nb4d5
33.Ra7a6 Kh7
34.Ra1c1 Rd7c7
35.g4 g6
36.Be2d3 Nd5b4
37.gxf5 gxf5
38.Ra6a3 Nb4xd3
39.Qf3xd3 Be7xa3
40.Bb2xa3 Nf8g6
41.Ba3d6 Rc7b7
42.Bd6c5 Ng6f4
43.Qd3f3 Nf4d5
44.Nh2f1 Rc8g8
45.Kh2 Qf7g6
46.Nf1g3 Rb7g7
47.Rc1g1 Qg6g5
48.Bc5a3 Qg5h4
49.Ba3c1 Qh4xd4
50.Qf3e2 f4
51.Qe2c2 Kh8
52.Rg1d1 fxg3
53.fxg3 Qd4xe5
54.Bc1b2 Qe5xg3
55.Kh1 Qg3xh3
56.Qc2h2 Qh3f3
{ resign }
0-1

[Event "1/16 Finale"]
[Site "www.chess-mail.com"]
[Date "2019.05.02"]
[Round "1"]
[White "Szustan"]
[Black "Reignblowcan"]
[WhiteElo "2610"]
[BlackElo "2600"]
[Result "1/2-1/2"]
[Round "1"]
1.e4 c5
2.c3 g6
3.d4 cxd4
4.cxd4 d5
5.e5 Nb8c6
6.Nb1c3 Bf8g7
7.Bf1b5 Ng8h6
8.Ng1e2 O-O
9.O-O Nh6f5
10.Bc1g5 f6
11.exf6 exf6
12.Bg5e3 Rf8e8
13.Qd1d2 a6
14.Bb5d3 Nf5xe3
15.fxe3 Bc8e6
16.Ra1d1 b5
17.Ne2f4 Be6f7
18.Bd3e2 Ra8c8
19.Be2f3 f5
20.Qd2f2 h6
21.g3 Qd8d6
22.Bf3g2 b4
23.Nc3xd5 Nc6a7
24.e4 fxe4
25.Nd5e3 Rc8c7
26.d5 Na7b5
27.Kh1 { draw }
1/2-1/2

[Event "1/128 Finale"]
[Site "www.chess-mail.com"]
[Date "2019.05.02"]
[Round "1"]
[White "Vesperale"]
[Black "Francesco"]
[WhiteElo "1809"]
[BlackElo "2080"]
[Result "0-1"]
[Round "1"]
1.f4 d5
2.Ng1f3 Ng8f6
3.b3 Bc8g4
4.e3 Nb8c6
5.Bc1b2 e6
6.Bf1e2 Bf8e7
7.O-O Qd8d6
8.Nb1c3 a6
9.h3 Bg4h5
10.a3 O-O
11.Qd1e1 Bh5g6
12.d3 h6
13.Nf3h4 Bg6h7
14.Qe1f2 Ra8c8
15.Ra1e1 Nc6a7
16.Nh4f3 c5
 { time }
0-1

[Event "1/32 Finale"]
[Site "www.chess-mail.com"]
[Date "2019.05.02"]
[Round "1"]
[White "Bojan"]
[Black "Hennie4820"]
[WhiteElo "2040"]
[BlackElo "2000"]
[Result "0-1"]
[Round "1"]
1.e4 c5
2.Ng1f3 e6
3.b3 Nb8c6
4.Bc1b2 Ng8f6
5.e5 Nf6g4
6.Bf1b5 Qd8c7
7.Qd1e2 a6
8.Bb5d3 Bf8e7
9.h3 Ng4h6
10.Nb1a3 O-O
11.Bd3e4 d5
12.Be4d3 b5
13.c3 Bc8b7
14.Na3b1 Ra8e8
15.Bd3c2 f5
16.d3 Nh6f7
17.d4 c4
18.Nb1d2 h6
19.b4 Nf7g5
20.Nf3h4 Ng5e4
21.Nh4g6 Rf8f7
22.h4 Nc6xb4
23.Ng6xe7 Qc7xe7
24.cxb4 c3
25.Nd2xe4 cxb2
26.Ra1b1 dxe4
27.Rb1xb2 Re8d8
28.Qe2e3 f4
29.Qe3d2 Rf7f5
30.Qd2d1 Rf5xe5
31.O-O Qe7xh4
32.f3 e3
33.Qd1d3 Re5h5
34.Qd3h7 Kf8
35.Qh7h8 Kf7
{ resign }
0-1

[Event "Tourn. n10002"]
[Site "www.echecsemail.com"]
[Date "2019.05.03"]
[Round "1"]
[White "Stepanpech"]
[Black "Szustan"]
[WhiteElo "2530"]
[BlackElo "2620"]
[Result "1/2-1/2"]
[Round "1"]
1.e4 e5
2.Ng1f3 Nb8c6
3.Bf1b5 a6
4.Bb5a4 Ng8f6
5.O-O Nf6xe4
6.d4 b5
7.Ba4b3 d5
8.dxe5 Bc8e6
9.Nb1d2 Ne4c5
10.c3 d4
11.Bb3xe6 Nc5xe6
12.cxd4 Nc6xd4
13.Nd2e4 Bf8e7
14.Bc1e3 Nd4f5
15.Qd1c2 O-O
16.Ra1d1 Nf5xe3
17.fxe3 Qd8c8
18.Nf3d4 Ne6xd4
19.exd4 Qc8e6
20.Ne4g3 c6
21.Ng3f5 Ra8c8
22.Rd1d3 g6
23.Rd3g3 Kh8
24.Nf5xe7 Qe6xe7
25.Rg3c3 Rc8d8
26.Qc2f2 Qe7d7
27.Rf1d1 Kg8
28.Qf2f3 Qd7a7
29.Qf3e4 Rd8d5
{ draw }
1/2-1/2

[Event "Match"]
[Site "www.echecsemail.com"]
[Date "2019.05.03"]
[Round "1"]
[White "Eeze"]
[Black "Chapi"]
[WhiteElo "1930"]
[BlackElo "2090"]
[Result "0-1"]
[Round "1"]
1.e4 c5
2.Ng1f3 Nb8c6
3.c3 d6
4.h3 Ng8f6
5.d3 b5
6.Bc1g5 g6
7.Bf1e2 Bf8g7
8.Qd1b3 Bc8d7
9.Nb1d2 a5
10.Bg5xf6 Bg7xf6
11.O-O O-O
12.Qb3c2 b4
13.Rf1e1 Nc6e5
14.Nd2c4 Ne5xc4
15.dxc4 bxc3
16.b3 Qd8b6
17.Be2d3 Rf8b8
18.e5 Bf6g7
19.Bd3e4 Bd7c6
20.Ra1b1 Bc6xe4
21.Re1xe4 Qb6b4
22.Re4e3 dxe5
23.Nf3xe5 a4
24.Ne5c6 axb3
25.axb3 Qb4b7
26.Nc6xb8 Ra8xb8
27.Qc2e2 e6
28.f4 Bg7d4
29.Kf1 Bd4xe3
30.Qe2xe3 Qb7c7
31.Qe3c1 Qc7d6
32.Qc1xc3 Qd6xf4
33.Qc3f3 Qf4xf3
34.gxf3 Kg7
35.Ke2 Kf6
36.Kd3 Kg5
37.Ke4 f6
38.Kd3 Kh4
39.Kc3 h5
40.b4 Kxh3
41.Rb1b3 Kg3
42.bxc5 Rb8c8
43.Kb4 h4
44.f4 Kxf4
45.Kb5 Kg4
46.Rb3e3 h3
47.Re3xe6 h2
48.Re6e1 Kg3
49.c6 Kg2
50.Kb6 h1Q
51.Re1xh1 Kxh1
52.Kb7 Rc8f8
53.c7 f5
54.c8Q Rf8xc8
55.Kxc8 f4
56.c5 f3
57.c6 f2
58.c7 f1Q
59.Kb7 Qf1f7
60.Kb8 Qf7e8
61.c8Q Qe8xc8
{ resign }
0-1

[Event "Tourn. n10125"]
[Site "www.echecsemail.com"]
[Date "2019.05.03"]
[Round "1"]
[White "Luban"]
[Black "Mitja"]
[WhiteElo "2140"]
[BlackElo "2050"]
[Result "1-0"]
[Round "1"]
1.d4 d5
2.Ng1f3 e6
3.a3 c6
4.e3 h6
5.c4 dxc4
6.Bf1xc4 Ng8f6
7.Nb1c3 b6
8.O-O Bc8b7
9.e4 Bf8e7
10.h3 Nb8a6
11.Rf1e1 Na6c7
12.Bc1e3 O-O
13.b4 b5
14.Bc4d3 Rf8e8
15.Qd1c2 a6
16.Ra1d1 Nf6h7
17.d5 cxd5
18.exd5 { resign }
1-0

[Event "Tourn. n10120"]
[Site "www.echecsemail.com"]
[Date "2019.05.03"]
[Round "1"]
[White "Picifarkinca"]
[Black "Fantomas"]
[WhiteElo "2080"]
[BlackElo "2270"]
[Result "1/2-1/2"]
[Round "1"]
1.Ng1f3 Ng8f6
2.g3 e6
3.Bf1g2 Bf8e7
4.O-O d5
5.d3 c5
6.Nb1d2 Nb8c6
7.c3 O-O
8.Qd1c2 a6
9.e4 dxe4
10.Nd2xe4 Nf6xe4
11.dxe4 e5
12.Bc1e3 b6
13.Ra1d1 Qd8c7
14.Rd1d5 Bc8e6
15.Rf1d1 Ra8d8
16.Rd5xd8 Rf8xd8
17.b3 f6
18.Rd1xd8 Qc7xd8
19.Qc2d2 Qd8xd2
20.Nf3xd2 b5
21.f3 Nc6a5
22.Bg2f1 c4
23.b4 { draw }
1/2-1/2

[Event "Tourn. n10113"]
[Site "www.echecsemail.com"]
[Date "2019.05.03"]
[Round "1"]
[White "Luban"]
[Black "Coolant"]
[WhiteElo "2140"]
[BlackElo "2290"]
[Result "0-1"]
[Round "1"]
1.d4 Ng8f6
2.c4 e5
3.dxe5 Nf6g4
4.Ng1f3 Nb8c6
5.e3 Bf8b4
6.Bc1d2 Qd8e7
7.a3 Bb4xd2
8.Qd1xd2 Nc6xe5
9.h3 Ne5xf3
10.gxf3 Ng4e5
11.Bf1e2 d6
12.f4 Ne5g6
13.Nb1c3 Bc8e6
14.Nc3d5 Qe7d7
15.e4 Be6xd5
16.cxd5 O-O
17.h4 f5
18.h5 Ng6e7
19.e5 dxe5
20.fxe5 Qd7xd5
21.Qd2xd5 Ne7xd5
22.Be2c4 c6
23.O-O-O Rf8d8
24.Rh1e1 Kf8
25.e6 Ke7
26.Re1g1 Kf6
{ resign }
0-1

[Event "Tourn. n10104"]
[Site "www.echecsemail.com"]
[Date "2019.05.03"]
[Round "1"]
[White "Osopanda"]
[Black "Hansen"]
[WhiteElo "1510"]
[BlackElo "1700"]
[Result "0-1"]
[Round "1"]
1.e4 d5
2.exd5 Qd8xd5
3.Nb1c3 Qd5e5
4.Bf1e2 Ng8f6
5.d4 Qe5f5
6.Ng1f3 h6
7.O-O e6
8.Be2d3 Qf5h5
9.Rf1e1 Bf8d6
10.Nf3e5 { time. }
0-1

[Event "Match"]
[Site "www.echecsemail.com"]
[Date "2019.05.03"]
[Round "1"]
[White "Ditto"]
[Black "Dussek"]
[WhiteElo "1810"]
[BlackElo "1940"]
[Result "1/2-1/2"]
[Round "1"]
1.e4 c6
2.Nb1c3 d5
3.exd5 cxd5
4.d4 e6
5.Ng1f3 Ng8f6
6.Bc1g5 Bf8e7
7.Bf1d3 Nb8d7
8.Bg5f4 O-O
9.Nc3e2 Nd7b6
10.c3 Bc8d7
11.Qd1c2 Bd7a4
12.b3 Ba4c6
13.Nf3g5 g6
14.Ng5f3 Nb6d7
15.Nf3g5 { draw }
1/2-1/2

[Event "Tourn. n10113"]
[Site "www.echecsemail.com"]
[Date "2019.05.03"]
[Round "1"]
[White "Fantomas"]
[Black "Picifarkinca"]
[WhiteElo "2230"]
[BlackElo "2040"]
[Result "0-1"]
[Round "1"]
1.e4 e5
2.Ng1f3 Nb8c6
3.Bf1b5 a6
4.Bb5a4 Ng8f6
5.d3 b5
6.Ba4b3 Bf8e7
7.c3 O-O
8.O-O d6
9.h3 Nc6a5
10.Bb3c2 c5
11.b4 Na5c6
12.a3 Qd8c7
13.Bc1b2 d5
14.exd5 Nf6xd5
15.Rf1e1 Bc8b7
16.c4 Nd5f4
17.bxc5 Be7xc5
18.Nf3xe5 Nf4xg2
19.Re1e4 f5
20.Re4e2 Ng2f4
21.Re2e1 Nf4xh3
22.Kh2 Nh3xf2
{ resign }
0-1